Sports Quiz

Random Sports or NFL Quiz

NFL Players With Multiple 50+ Yard Offensive TD's Since 1990 Quiz Stats

 Plays Quiz not verified by Sporcle

Challenge
Share
Tweet
Embed
Score 0/292 Timer 20:00
0 Plays Today
# Player % Correct
28Randy Moss
97.5%
14Santana Moss
97.5%
13Chad Ochocinco
97.5%
27Terrell Owens
96.9%
19Jerry Rice
96.9%
13Steve Smith
96.3%
10Chris Johnson
96.3%
6Emmitt Smith
96.3%
5Calvin Johnson
96.3%
15Marvin Harrison
95.6%
10Robert Smith
95.6%
7Rod Smith
95.6%
6Andre Johnson
95.6%
4Charles Johnson
95.6%
3Kevin Johnson
95.6%
3Patrick Johnson
95.6%
3Antowain Smith
95.6%
3Jimmy Smith
95.6%
2Bryant Johnson
95.6%
2Johnny Johnson
95.6%
2LeShon Johnson
95.6%
2Lamar Smith
95.6%
3Jerome Harrison
94.4%
16Barry Sanders
93.8%
6Chris Sanders
93.1%
3Frank Sanders
93.1%
5Steven Jackson
91.9%
2Vincent Jackson
91.9%
9DeSean Jackson
91.3%
7Michael Jackson
91.3%
6Darrell Jackson
91.3%
5Ricky Williams
91.3%
3Keith Jackson
91.3%
3James Jones
91.3%
3Thomas Jones
91.3%
2Bo Jackson
91.3%
2Brent Jones
91.3%
2Ernie Jones
91.3%
2Felix Jones
91.3%
2Julius Jones
91.3%
5Roy E. Williams
90.6%
4DeAngelo Williams
90.6%
2Demetrius Williams
90.6%
2Reggie Williams
90.6%
4Priest Holmes
88.8%
2Santonio Holmes
88.8%
11Fred Taylor
86.3%
9Tim Brown
86.3%
6John Taylor
86.3%
4Troy Brown
86.3%
2Reggie Brown
86.3%
2Ronnie Brown
86.3%
2Chester Taylor
86.3%
9Marshall Faulk
85.6%
8Donald Driver
85.6%
7Ahman Green
85.6%
5Willie Green
85.6%
4Jacquez Green
85.6%
3Gaston Green
85.6%
9Warrick Dunn
84.4%
8Adrian Peterson
84.4%
2Lamar Thomas
84.4%
2Robb Thomas
84.4%
2Thurman Thomas
84.4%
10LaDainian Tomlinson
83.8%
7Reggie Wayne
83.8%
7Torry Holt
81.3%
6Isaac Bruce
81.3%
6Terrell Davis
81.3%
5Willie Davis
81.3%
4Shaun Alexander
81.3%
4Vernon Davis
81.3%
3Andre' Davis
81.3%
3Stephen Davis
81.3%
2Kenneth Davis
81.3%
9Derrick Alexander
80.6%
8Tiki Barber
80.6%
7Hines Ward
80.6%
6Roddy White
80.6%
2Edgerrin James
80.6%
10Greg Jennings
80%
2Dedric Ward
80%
5Corey Dillon
78.8%
6Herman Moore
78.1%
5Brian Westbrook
78.1%
4Cris Carter
78.1%
7Maurice Jones-Drew
77.5%
6Jamal Lewis
77.5%
5Jermaine Lewis
77.5%
4Michael Westbrook
77.5%
3Dexter Carter
77.5%
2Anthony Carter
77.5%
2Lance Moore
77.5%
2Rob Moore
77.5%
10Tony Martin
75%
8Andre Reed
75%
4Jake Reed
74.4%
2Curtis Martin
74.4%
# Player % Correct
2Eric Martin
74.4%
2Kelvin Martin
74.4%
9Amani Toomer
73.1%
2Larry Fitzgerald
73.1%
5Anquan Boldin
72.5%
3Mike Anderson
72.5%
5Flipper Anderson
71.9%
2Gary W. Anderson
71.9%
2Marques Colston
71.9%
11Eric Moulds
71.3%
2Antonio Gates
71.3%
8Michael Irvin
70.6%
6Joe Horn
70.6%
6Javon Walker
70.6%
4Herschel Walker
70.6%
2Jackie Harris
70%
2Raymont Harris
70%
17Joey Galloway
68.8%
7Plaxico Burress
68.8%
5Mike Wallace
68.8%
8Braylon Edwards
67.5%
8Lee Evans
66.9%
6Derrick Mason
66.9%
3Dallas Clark
66.9%
2Jerome Bettis
66.9%
11Antonio Freeman
66.3%
6Gary Clark
66.3%
4Michael Turner
64.4%
4Brandon Marshall
63.8%
4Ryan Grant
63.1%
3Floyd Turner
63.1%
6Clinton Portis
61.9%
5Frank Gore
61.3%
3Muhsin Muhammad
61.3%
7Chris Chambers
60.6%
6Shannon Sharpe
60.6%
6Sterling Sharpe
60.6%
4David Boston
60.6%
3Deuce McAllister
60.6%
6Miles Austin
60%
3Willis McGahee
60%
3Matt Forte
59.4%
7Andre Rison
58.1%
2Barry Foster
56.9%
7Keenan McCardell
56.3%
2Ricky Watters
56.3%
3Devin Hester
55.6%
4Michael Bennett
55%
3Jamaal Charles
55%
3Randal Hill
55%
3Kordell Stewart
55%
2Jonathan Stewart
55%
5Mark Clayton
54.4%
3Dwayne Bowe
53.8%
3Michael Clayton
53.8%
2LeSean McCoy
53.8%
5Antonio Bryant
52.5%
5Garrison Hearst
51.3%
2Laveranues Coles
51.3%
2Jeremy Maclin
51.3%
2Joseph Addai
50.6%
2Duce Staley
50%
8Marty Booker
49.4%
6Terry Glenn
49.4%
6Anthony Miller
49.4%
3Darren McFadden
49.4%
8Marcus Robinson
48.8%
7Jeff Graham
48.8%
5Devery Henderson
48.8%
3Chris Henry
48.8%
3Koren Robinson
48.8%
2Zach Miller
48.8%
10Irving Fryar
46.9%
3Robert Brooks
46.3%
2Bill Brooks
46.3%
2Reggie Brooks
46.3%
2Charlie Garner
46.3%
2Leon Washington
45%
4Nate Washington
44.4%
2Tatum Bell
44.4%
2Percy Harvin
44.4%
4Darren Sproles
43.8%
3Hakeem Nicks
43.1%
5James Lofton
42.5%
3Deion Branch
41.9%
4Peerless Price
41.3%
2Reuben Droughns
41.3%
7Carl Pickens
40.6%
2T.J. Houshmandzadeh
40%
3Ed McCaffrey
39.4%
2Jahvid Best
38.8%
2Brandon Stokley
38.8%
4Bernard Berrian
38.1%
2Pierre Garcon
38.1%
2Natrone Means
38.1%
7Napoleon Kaufman
37.5%
5Donte Stallworth
36.9%
6Terance Mathis
36.3%
# Player % Correct
2Kenny Britt
36.3%
8Eddie Kennison
34.4%
2Mark Duper
34.4%
4Charles Wilson
33.1%
4Michael Pittman
32.5%
2LaMont Jordan
32.5%
2Michael Jenkins
31.9%
11Qadry Ismail
31.3%
7Rocket Ismail
31.3%
3Mario Manningham
31.3%
2Chris Warren
31.3%
5Az-Zahir Hakim
30.6%
4Johnnie Morton
30.6%
11Curtis Conway
30%
4Dante Hall
30%
3Alvin Harper
29.4%
2Wayne Chrebet
29.4%
3Robert Meachem
28.8%
2Jerricho Cotchery
28.1%
7Don Beebe
27.5%
5Kevin Curtis
27.5%
3Henry Ellard
26.3%
3Mark Ingram
26.3%
12Darnay Scott
25.6%
2Correll Buckhalter
25.6%
2Bobby Engram
25.6%
2Kevin Walter
25.6%
2Alge Crumpler
24.4%
6Ricky Proehl
23.8%
3Ben Coates
22.5%
2Eddie Royal
22.5%
8James Jett
21.9%
5Quincy Morgan
21.9%
4Yancey Thigpen
21.9%
2Kevan Barlow
21.9%
2Anthony Morgan
21.9%
2Brett Perriman
21.9%
3Ernest Givins
20.6%
6Fred Barnett
20%
4Eric Metcalf
19.4%
4Jerious Norwood
19.4%
5Patrick Crayton
18.8%
2Peter Warrick
18.8%
3Mark Carrier
17.5%
3Dennis Northcutt
16.9%
2Todd Pinkston
16.9%
4Shawn Jefferson
16.3%
2Willie Gault
16.3%
4Patrick Jeffers
15.6%
3Haywood Jeffires
15.6%
2Troy Williamson
15.6%
3James Thrash
13.8%
3Alexander Wright
13.8%
8Corey Bradford
13.1%
2Bill Schroeder
13.1%
2Stephone Paige
12.5%
4Germane Crowell
11.9%
3Tim Biakabutuka
11.3%
9Michael Haynes
10.6%
2Tim Dwight
10.6%
2Louis Murphy
10.6%
3Reche Caldwell
10%
2Shawn Bryson
8.8%
2Marcus Pollard
8.8%
6Quinn Early
8.1%
4Bert Emanuel
8.1%
2Lee Suggs
8.1%
5James McKnight
6.9%
4Leroy Hoard
6.9%
2Tony Simmons
6.9%
6J.J. Birden
6.3%
3Hank Baskett
6.3%
3Ricky Nattiel
6.3%
2Chris Calloway
6.3%
5Albert Connell
5.6%
2Mario Bates
5.6%
5Torrance Small
5%
2Mark Bradley
5%
2Lorenzo Neal
5%
2Steve Broussard
3.1%
2Patrick Cobbs
3.1%
2Mike Pritchard
3.1%
2Jerheme Urban
3.1%
3Dwight Stone
2.5%
4Keith Poole
1.9%
2Pete Metzelaars
1.9%
2Mike Sherrard
1.9%
3Horace Copeland
1.3%
2Isaac Byrd
1.3%
2Johnnie Lee Higgins
1.3%
2Leslie Shepherd
1.3%
2Willie Drewrey
0.6%
2Gill Fenerty
0.6%
2Trevor Gaylor
0.6%
2Bobby Shaw
0.6%
2Sam Aiken
0%

You're not logged in!

Compare scores with friends on all Sporcle quizzes.
Join for Free
OR
Log In

You Might Also Like...

Show Comments

Extras

Top Quizzes Today


Score Distribution

Your Account Isn't Verified!

In order to create a playlist on Sporcle, you need to verify the email address you used during registration. Go to your Sporcle Settings to finish the process.

Report this User

Report this user for behavior that violates our Community Guidelines.

Details: